[Event "Mittelfr. EM 2011 - Hauptturnier"]
[Site "Büchenbach"]
[Date "2011.04.22"]
[Round "8.12"]
[White "Werner, Thomas"]
[Black "Eiber, Manfred"]
[Result "0-1"]
[WhiteElo "2019"]
[BlackElo "2186"]
[PlyCount "84"]
[EventDate "2011.??.??"]
[WhiteTeam "SW Nürnberg Süd e.V."]
[BlackTeam "SW Nürnberg Süd e.V."]

1. d4 Nf6 2. c4 e6 3. Nf3 b6 4. g3 Ba6 5. b3 Bb7 6. Bg2 Bb4+ 7. Bd2 a5 8. O-O
O-O 9. a3 Be7 10. Nc3 Ne4 11. Nxe4 Bxe4 12. b4 axb4 13. Bxb4 d6 14. Qb3 Nc6 15.
e3 Na5 16. Qa2 c5 17. dxc5 bxc5 18. Bc3 Qe8 19. a4 Ra6 20. Nd2 Bxg2 21. Kxg2
Qc6+ 22. Kg1 Rfa8 23. Rfb1 f6 24. Rb5 Qc8 25. Qb2 Bd8 26. Qc2 Nc6 27. Qb2 Rxa4
28. Rxa4 Rxa4 29. Ne4 Be7 30. Bxf6 gxf6 31. Nxf6+ Bxf6 32. Qxf6 Ra7 33. Rb6 Qe8
34. Rxc6 Qxc6 35. Qxe6+ Rf7 36. Qh6 Qd7 37. Qg5+ Kf8 38. e4 Qe6 39. Qd8+ Kg7
40. Qg5+ Qg6 41. Qd5 Qf6 42. Qd2 h6 0-1

[Event "Mittelfr. EM 2011 - Hauptturnier"]
[Site "Büchenbach"]
[Date "2011.04.22"]
[Round "8.13"]
[White "Luther, Helmut"]
[Black "Mättig, Stefan"]
[Result "0-1"]
[WhiteElo "1999"]
[BlackElo "2088"]
[PlyCount "52"]
[EventDate "2011.??.??"]
[WhiteTeam "SW Nürnberg Süd e.V."]
[BlackTeam "SC Noris-Tarrasch Nürnberg 1873"]

1. d4 b6 2. c4 e6 3. Nf3 Bb7 4. e3 Nf6 5. g3 Ne4 6. a3 d6 7. Bg2 Nd7 8. O-O Be7
9. Nbd2 Nxd2 10. Bxd2 O-O 11. b4 c5 12. Qb3 Qc7 13. Rfc1 Nf6 14. dxc5 dxc5 15.
Bc3 Be4 16. Qb2 Rfd8 17. b5 Qb7 18. Ne1 Bxg2 19. Nxg2 Ne4 20. Rab1 Rd3 21. Be1
Ng5 22. h4 Nf3+ 23. Kf1 Rad8 24. Bc3 Qe4 25. Be1 Nxe1 26. Nxe1 Rd2 0-1

[Event "Mittelfr. EM 2011 - Hauptturnier"]
[Site "Büchenbach"]
[Date "2011.04.22"]
[Round "8.14"]
[White "Alt, Norbert"]
[Black "Wittmann, Helmut"]
[Result "0-1"]
[WhiteElo "1880"]
[BlackElo "2077"]
[PlyCount "56"]
[EventDate "2011.??.??"]
[WhiteTeam "FC Pleinfeld VfL"]
[BlackTeam "BSG Wöhrlhaus Erlangen"]

1. d4 Nf6 2. Bg5 c5 3. d5 Ne4 4. Bc1 e6 5. Qd3 exd5 6. Qxd5 Nf6 7. Qb3 d5 8.
Bg5 Be7 9. Nf3 O-O 10. c3 Nc6 11. e3 h6 12. Bh4 d4 13. cxd4 cxd4 14. Be2 dxe3
15. fxe3 Ng4 16. Bf2 Bc5 17. h3 Nxf2 18. Kxf2 Re8 19. Rd1 Qf6 20. Rd3 Bf5 21.
Rc3 Rxe3 22. Rxe3 Re8 23. Nc3 Rxe3 24. Kf1 Nd4 25. Qxb7 Nxe2 26. Qb8+ Kh7 27.
Nd5 Ng3+ 28. Qxg3 Bd6 0-1

[Event "Mittelfr. EM 2011 - Hauptturnier"]
[Site "Büchenbach"]
[Date "2011.04.22"]
[Round "8.15"]
[White "Keller, Werner"]
[Black "Vasilache, Catalin"]
[Result "0-1"]
[WhiteElo "1693"]
[BlackElo "2101"]
[PlyCount "76"]
[EventDate "2011.??.??"]
[WhiteTeam "SW Nürnberg Süd e.V."]
[BlackTeam "SG Büchenbach/Roth e.V."]

1. Nf3 Nf6 2. g3 b6 3. Bg2 Bb7 4. O-O c5 5. b3 e6 6. Bb2 Be7 7. d3 d5 8. e3 O-O
9. Qe2 Nbd7 10. c4 Bd6 11. Nc3 Rc8 12. e4 d4 13. Nb5 Bb8 14. a4 a6 15. Na3 Qe7
16. Nc2 a5 17. Ba3 e5 18. Nfxd4 exd4 19. Nxd4 g6 20. Nc2 Qe6 21. f4 Rcd8 22.
Bb2 Rfe8 23. Rae1 Nh5 24. Ne3 Qe7 25. e5 Bxg2 26. Kxg2 Qe6 27. Qf3 Rc8 28. Nd5
Qc6 29. g4 Ng7 30. e6 fxe6 31. f5 exd5 32. cxd5 Qd6 33. Qh3 Qxd5+ 34. Kg1 Rxe1
35. Rxe1 Be5 36. Rxe5 Nxe5 37. f6 Ne6 38. f7+ Nxf7 0-1

[Event "Mittelfr. EM 2011 - Hauptturnier"]
[Site "Büchenbach"]
[Date "2011.04.22"]
[Round "8.16"]
[White "Häßlein, Rainer"]
[Black "Schanz, Karlheinz"]
[Result "0-1"]
[WhiteElo "1552"]
[BlackElo "1929"]
[PlyCount "96"]
[EventDate "2011.??.??"]
[WhiteTeam "SAbt Wolframs-Eschenbach"]
[BlackTeam "SC Mühlhof-Reichelsdorf e.V."]

1. e4 d5 2. exd5 Qxd5 3. Nc3 Qa5 4. d3 c6 5. h3 Nf6 6. Bd2 Qc7 7. Nf3 e5 8. Qe2
Bd6 9. Ne4 Nxe4 10. dxe4 h6 11. O-O-O O-O 12. g4 Bc5 13. g5 h5 14. Nh4 g6 15.
Bg2 Kg7 16. Rdf1 Be6 17. f4 exf4 18. Bxf4 Qa5 19. Be5+ Kg8 20. Bf3 Qxa2 21. b3
Rd8 22. Bb2 Ba3 23. Bxa3 Qxa3+ 24. Kb1 Na6 25. Rd1 Nb4 26. c4 Qxb3+ 27. Qb2
Qxb2+ 28. Kxb2 Bxc4 29. Kc3 Nd5+ 30. exd5 cxd5 31. Rd4 Rac8 32. Kb4 b6 33. Bd1
a5+ 34. Ka3 Re8 35. Rh2 b5 36. Nf3 Re3+ 37. Kb2 a4 38. Nd2 a3+ 39. Ka1 b4 40.
Nxc4 dxc4 41. Rhd2 b3 42. Be2 c3 43. Rd8+ Rxd8 44. Rxd8+ Kg7 45. Bd3 Re1+ 46.
Bb1 c2 47. Rd1 Rxd1 48. h4 Rxb1# 0-1

[Event "Mittelfr. EM 2011 - Hauptturnier"]
[Site "Büchenbach"]
[Date "2011.04.22"]
[Round "8.17"]
[White "Leis, Stefan"]
[Black "Schlötterer, Hermann"]
[Result "1/2-1/2"]
[WhiteElo "1922"]
[BlackElo "1971"]
[PlyCount "79"]
[EventDate "2011.??.??"]
[WhiteTeam "SC Mühlhof-Reichelsdorf e.V."]
[BlackTeam "SC Noris-Tarrasch Nürnberg 1873"]

1. d4 Nf6 2. Nc3 d5 3. e4 dxe4 4. f3 e3 5. Bxe3 g6 6. Bc4 Bg7 7. Qd2 Nc6 8. d5
Na5 9. Bb5+ c6 10. dxc6 Qxd2+ 11. Bxd2 Nxc6 12. O-O-O O-O 13. Nge2 Rd8 14. Be3
Bd7 15. Nf4 a6 16. Be2 b5 17. g4 Ne5 18. g5 Ne8 19. Ncd5 e6 20. Nb6 Rab8 21.
Nxd7 Rxd7 22. Rxd7 Nxd7 23. Rd1 Ne5 24. b3 Nc6 25. Rd7 Rc8 26. a3 Be5 27. h3
Ng7 28. Nd3 Nf5 29. Bd2 Bd4 30. c3 Be3 31. Bxe3 Nxe3 32. Kd2 Nd5 33. Nb4 Nxc3
34. Nxa6 Nb1+ 35. Ke1 Nxa3 36. f4 Nd4 37. Nc7 Nxe2 38. Kxe2 b4 39. Kd3 Kg7 40.
Nxe6+ 1/2-1/2

[Event "Mittelfr. EM 2011 - Hauptturnier"]
[Site "Büchenbach"]
[Date "2011.04.22"]
[Round "9.1"]
[White "Hirn, Oskar"]
[Black "Wagner, Florian"]
[Result "1/2-1/2"]
[WhiteElo "2243"]
[BlackElo "2258"]
[PlyCount "119"]
[EventDate "2011.??.??"]
[WhiteTeam "SC Noris-Tarrasch Nürnberg 1873"]
[BlackTeam "SC Noris-Tarrasch Nürnberg 1873"]

1. d4 Nf6 2. Nf3 e6 3. c4 c5 4. Nc3 cxd4 5. Nxd4 Nc6 6. Nc2 Be7 7. e4 O-O 8.
Be2 b6 9. O-O Bb7 10. Bf4 d6 11. f3 a6 12. Qd2 Qc7 13. Rac1 Rac8 14. Rfd1 Ne5
15. Nd4 Qb8 16. b3 Bd8 17. Be3 Bc7 18. Kh1 Rfe8 19. Bg1 Ng6 20. Bd3 Qa8 21.
Nde2 Ne5 22. Bb1 Kh8 23. Bd4 Qb8 24. Ng3 Bc6 25. Nce2 Ned7 26. Qb2 Ba8 27. a3
b5 28. cxb5 axb5 29. Bd3 e5 30. Bf2 d5 31. exd5 Nxd5 32. Bf5 Rcd8 33. Nc3 N7f6
34. Nxd5 Bxd5 35. Ne4 Nh5 36. Bh4 f6 37. Qc2 Bb6 38. Bxh7 Rc8 39. Qb1 Be3 40.
Rxc8 Rxc8 41. Bf5 Rd8 42. Nc3 Bg8 43. Rxd8 Qxd8 44. Qd3 Qd4 45. Be1 Nf4 46. Qc2
b4 47. axb4 Qxb4 48. Qb1 Ba7 49. Ne4 Qb5 50. Bf2 Bxf2 51. Nxf2 Qe2 52. Kg1 Bxb3
53. g3 Nd5 54. Bd3 Qa2 55. Qxa2 Bxa2 56. Kg2 f5 57. Kf1 g6 58. Ke2 Kg7 59. Nd1
Nb4 60. Bb5 {Rest nicht nachvollziehbar} 1/2-1/2

[Event "Mittelfr. EM 2011 - Hauptturnier"]
[Site "Büchenbach"]
[Date "2011.04.22"]
[Round "9.2"]
[White "Heimrath, Reiner"]
[Black "Stiller, Jürgen"]
[Result "1-0"]
[WhiteElo "2259"]
[BlackElo "2204"]
[PlyCount "61"]
[EventDate "2011.??.??"]
[WhiteTeam "SC Noris-Tarrasch Nürnberg 1873"]
[BlackTeam "SW Nürnberg Süd e.V."]

1. e4 e6 2. d3 d5 3. Nd2 Nf6 4. c3 Be7 5. Ngf3 b6 6. Be2 Bb7 7. Qc2 c5 8. O-O
Nc6 9. Re1 Qc7 10. Nf1 O-O 11. Ng3 Rad8 12. Bf1 e5 13. Nf5 d4 14. Bg5 Ne8 15.
Nxe7+ Nxe7 16. cxd4 f6 17. Bd2 cxd4 18. Qb3+ Kh8 19. a4 Nd6 20. a5 b5 21. a6
Bc8 22. Ba5 Qd7 23. Bxd8 Rxd8 24. Rec1 Ng6 25. Qc2 f5 26. Qc7 Qe8 27. exf5 Bxf5
28. Qxa7 Nf4 29. Qc7 Rd7 30. Qc6 Qg6 31. g3 1-0

[Event "Mittelfr. EM 2011 - Hauptturnier"]
[Site "Büchenbach"]
[Date "2011.04.22"]
[Round "9.3"]
[White "Röder, Frank"]
[Black "Meulner, Klaus"]
[Result "0-1"]
[WhiteElo "2189"]
[BlackElo "2119"]
[PlyCount "142"]
[EventDate "2011.??.??"]
[WhiteTeam "SV Altensittenbach"]
[BlackTeam "SW Nürnberg Süd e.V."]

1. e4 d5 2. exd5 Nf6 3. Bb5+ Bd7 4. Bc4 Bg4 5. f3 Bc8 6. Nc3 Nbd7 7. d3 Nb6 8.
Bb5+ Bd7 9. Bc4 Bc8 10. Bb5+ Bd7 11. Bc4 a6 12. Be3 Bf5 13. Bxb6 cxb6 14. a4 g6
15. Nge2 Bh6 16. Ng3 Bd7 17. Qe2 O-O 18. O-O Qc7 19. Qxe7 Bg7 20. Nge4 Nxe4 21.
fxe4 Rae8 22. Qh4 Bd4+ 23. Kh1 Qd6 24. Ne2 Bxb2 25. Ra2 Bg7 26. d4 Qb4 27. Bb3
b5 28. a5 Bxd4 29. Nxd4 Qxd4 30. Qf6 Qxe4 31. Raa1 Bh3 32. Qf3 Qxf3 33. Rxf3
Bf5 34. Rf2 Re3 35. h3 Rfe8 36. Kh2 Re2 37. Raf1 h5 38. Kg3 R8e3+ 39. Kh2 Kf8
40. Kg1 Ke7 41. Rf4 Rg3 42. R1f2 Rxf2 43. Kxf2 Rc3 44. Rd4 Kd6 45. Rd2 h4 46.
Re2 b4 47. Ke1 Rc5 48. Rf2 Rxa5 49. Rf4 Ra1+ 50. Kd2 a5 51. Rxh4 Rg1 52. g4 Bd7
53. Rh7 Rg2+ 54. Kc1 Rf2 55. Rh8 a4 56. Bc4 b5 57. Bd3 a3 58. Ra8 Kc5 59. Ra7
Kd6 60. Kb1 Rh2 61. Ka2 Rxh3 62. Kb3 Rg3 63. Kxb4 Rxg4+ 64. Kxa3 Ra4+ 65. Rxa4
bxa4 66. Kb4 Bf5 67. Bxf5 gxf5 68. c4 f4 69. c5+ Kxd5 70. Kb5 f3 71. c6 f2 0-1

[Event "Mittelfr. EM 2011 - Hauptturnier"]
[Site "Büchenbach"]
[Date "2011.04.22"]
[Round "9.4"]
[White "Seibold, Hubert"]
[Black "Rausch, Wolfgang jr"]
[Result "1-0"]
[WhiteElo "2186"]
[BlackElo "2182"]
[PlyCount "99"]
[EventDate "2011.??.??"]
[WhiteTeam "SK Zirndorf e.V."]
[BlackTeam "SC Noris-Tarrasch Nürnberg 1873"]

1. e4 c6 2. d4 d5 3. Nc3 dxe4 4. Nxe4 Nf6 5. Nxf6+ gxf6 6. Nf3 Bf5 7. Bd3 Nd7
8. Bf4 e6 9. O-O Bxd3 10. Qxd3 Qa5 11. c4 Qh5 12. Qb3 b5 13. d5 cxd5 14. cxd5
e5 15. Qxb5 Bd6 16. Qc6 Ke7 17. Rfe1 Rhg8 18. Bg3 Rab8 19. a3 Rxb2 20. Qc3 Rb5
21. Qd3 Rc5 22. Nh4 Nb6 23. Nf5+ Kd7 24. Nxd6 Kxd6 25. Qa6 Rgc8 26. a4 Ke7 27.
Qxa7+ Nd7 28. a5 Rxd5 29. Qb7 Rcc5 30. Qb4 Ke6 31. a6 Rb5 32. Qc3 Rdc5 33. Qe3
Nb6 34. a7 Na8 35. Qe4 Rd5 36. f3 Qg6 37. Ra6+ Ke7 38. Rc1 Qxe4 39. fxe4 Rd2
40. Bh4 Rb6 41. Rxb6 Nxb6 42. Rc6 Na8 43. Rxf6 Rd6 44. Rh6+ Kd7 45. Rxh7 Kc6
46. Rxf7 Rd4 47. h3 Rxe4 48. Rf8 Rxh4 49. Rxa8 Kb7 50. Re8 1-0

[Event "Mittelfr. EM 2011 - Hauptturnier"]
[Site "Büchenbach"]
[Date "2011.04.22"]
[Round "9.5"]
[White "Saathoff, Richard"]
[Black "Bolten, Daniel"]
[Result "1-0"]
[WhiteElo "2146"]
[BlackElo "1889"]
[PlyCount "51"]
[EventDate "2011.??.??"]
[WhiteTeam "SW Nürnberg Süd e.V."]
[BlackTeam "SW Nürnberg Süd e.V."]

1. e4 e6 2. d4 d5 3. Nc3 Nf6 4. Bg5 Be7 5. e5 Nfd7 6. h4 a6 7. Qg4 f5 8. Qh5+
g6 9. Qh6 Bxg5 10. hxg5 Qe7 11. Nh3 Qf8 12. Qh4 h5 13. Nf4 Qf7 14. O-O-O c5 15.
Ncxd5 exd5 16. e6 Qg7 17. exd7+ Nxd7 18. Ne6 Qe7 19. Nc7+ Kf7 20. Nxa8 Qd6 21.
dxc5 Nxc5 22. Rxd5 Qc6 23. Rxc5 Qxc5 24. Qc4+ Qxc4 25. Bxc4+ Be6 26. Nb6 1-0

[Event "Mittelfr. EM 2011 - Hauptturnier"]
[Site "Büchenbach"]
[Date "2011.04.22"]
[Round "9.6"]
[White "Miller, Eduard"]
[Black "Hofer, Markus"]
[Result "1-0"]
[WhiteElo "2098"]
[BlackElo "2042"]
[PlyCount "71"]
[EventDate "2011.??.??"]
[WhiteTeam "SC Forchheim e.V."]
[BlackTeam "SG Büchenbach/Roth e.V."]

1. c4 Nf6 2. Nc3 g6 3. Nf3 Bg7 4. d4 c5 5. d5 d6 6. Nd2 O-O 7. e4 e6 8. Be2
exd5 9. cxd5 Na6 10. O-O Nc7 11. a4 Bd7 12. Nc4 Qe7 13. e5 Nfe8 14. f4 b5 15.
axb5 Bxb5 16. Ne4 f6 17. Nexd6 fxe5 18. Nxb5 Nxb5 19. fxe5 Rxf1+ 20. Bxf1 Nd4
21. Bf4 Qf7 22. g3 Rd8 23. Bg2 Rxd5 24. Bxd5 Qxd5 25. Ne3 Qb7 26. Qa4 Nc7 27.
Qxa7 Qf3 28. Ng2 Nce6 29. Qa8+ Bf8 30. Bh6 Ne2+ 31. Kh1 Qh5 32. Bxf8 Nxg3+ 33.
Kg1 Ne2+ 34. Kf2 Nxf8 35. Qd5+ Kg7 36. Ra7+ 1-0

[Event "Mittelfr. EM 2011 - Hauptturnier"]
[Site "Büchenbach"]
[Date "2011.04.22"]
[Round "9.7"]
[White "Rosin, Ralf"]
[Black "Leopold, Christian"]
[Result "1/2-1/2"]
[WhiteElo "2049"]
[BlackElo "2057"]
[PlyCount "45"]
[EventDate "2011.??.??"]
[WhiteTeam "FSV Großenseebach"]
[BlackTeam "SV Lauf a.d.P."]

1. d4 d6 2. e4 Nf6 3. Nc3 e5 4. Nf3 Nbd7 5. Bc4 Be7 6. O-O O-O 7. h3 c6 8. a4
b6 9. Be3 a6 10. Bb3 Bb7 11. dxe5 dxe5 12. Qe2 Qe8 13. Nd2 Bb4 14. f3 Bc5 15.
Nc4 Qe7 16. Qf2 b5 17. Na5 Rab8 18. axb5 axb5 19. Nxb7 Rxb7 20. Rfd1 Bxe3 21.
Qxe3 Nc5 22. Ba2 Rd7 23. Rxd7 1/2-1/2

[Event "Mittelfr. EM 2011 - Hauptturnier"]
[Site "Büchenbach"]
[Date "2011.04.22"]
[Round "9.8"]
[White "Eiber, Manfred"]
[Black "Wörl, Richard"]
[Result "1-0"]
[WhiteElo "2186"]
[BlackElo "2005"]
[PlyCount "61"]
[EventDate "2011.??.??"]
[WhiteTeam "SW Nürnberg Süd e.V."]
[BlackTeam "SW Nürnberg Süd e.V."]

1. d4 Nf6 2. c3 b6 3. Bg5 e6 4. Nd2 d5 5. e3 Be7 6. Bd3 Bb7 7. Bxf6 Bxf6 8. f4
Bh4+ 9. g3 Be7 10. Ngf3 g6 11. h4 Nd7 12. h5 Bf6 13. Kf2 Qe7 14. Qa4 a6 15.
hxg6 hxg6 16. Rxh8+ Bxh8 17. Rh1 Bf6 18. g4 b5 19. Qd1 g5 20. Ne5 gxf4 21. exf4
Bxe5 22. fxe5 O-O-O 23. Nf3 f6 24. Qe2 Rg8 25. Rh7 Qf8 26. Ke1 Rxg4 27. exf6
Qxf6 28. Rxd7 Rf4 29. Ne5 Qh4+ 30. Kd1 Rf2 31. Rh7 1-0

[Event "Mittelfr. EM 2011 - Hauptturnier"]
[Site "Büchenbach"]
[Date "2011.04.22"]
[Round "9.9"]
[White "Vasilache, Catalin"]
[Black "Röder, Gerd"]
[Result "1/2-1/2"]
[WhiteElo "2101"]
[BlackElo "2237"]
[PlyCount "168"]
[EventDate "2011.??.??"]
[WhiteTeam "SG Büchenbach/Roth e.V."]
[BlackTeam "SV Altensittenbach"]

1. d4 c5 2. Nf3 cxd4 3. Nxd4 Nf6 4. g3 g6 5. Bg2 Bg7 6. O-O O-O 7. c4 Nc6 8.
Nb5 b6 9. N1c3 Bb7 10. Nd5 a6 11. Nbc3 Rb8 12. Rb1 d6 13. Bg5 Nxd5 14. Nxd5 h6
15. Be3 b5 16. c5 Ne5 17. b3 e6 18. Nf4 Bxg2 19. Nxg2 dxc5 20. Bxc5 Qxd1 21.
Rfxd1 Rfd8 22. Ne3 Rbc8 23. Rxd8+ Rxd8 24. Rd1 Rxd1+ 25. Nxd1 Nd7 26. Bd6 f5
27. Kg2 Kf7 28. f3 Bd4 29. Bb4 e5 30. e4 Nf6 31. exf5 gxf5 32. Bd2 h5 33. Kf1
Ke6 34. Ke2 Nd5 35. Kd3 Bc5 36. Be1 Kd6 37. Bd2 Ke6 38. Be1 Be7 39. Bd2 Bc5 40.
Be1 Bb6 41. Bd2 Bg1 42. h3 Bc5 43. Be1 Bb4 44. Bf2 Ba3 45. Be1 Bc5 46. Bd2 Bb4
47. Bc1 Be1 48. g4 hxg4 49. hxg4 Nb4+ 50. Ke2 Nxa2 51. Bb2 Ba5 52. gxf5+ Kxf5
53. Ne3+ Ke6 54. Kd3 Nb4+ 55. Ke4 Nc6 56. Nd5 Bd8 57. Bc3 a5 58. Bb2 Kd6 59.
Ba3+ b4 60. Bb2 Bh4 61. f4 exf4 62. Nxf4 Be1 63. Kd3 Bg3 64. Ne2 Be5 65. Bxe5+
Nxe5+ 66. Kc2 Kd5 67. Nf4+ Ke4 68. Ne6 Nc6 69. Kb2 Ke3 70. Nc5 Kd2 71. Nb7 Kd1
72. Kb1 Ke2 73. Kb2 Kd2 74. Nd6 Kd3 75. Nb7 Kd4 76. Nd6 Ne5 77. Nb7 Nc6 78. Nd6
Kc5 79. Ne4+ Kd5 80. Nd2 Ne5 81. Kc2 Kd4 82. Nb1 Ng4 83. Kb2 Kd3 84. Kc1 Ne5
1/2-1/2

[Event "Mittelfr. EM 2011 - Hauptturnier"]
[Site "Büchenbach"]
[Date "2011.04.22"]
[Round "9.11"]
[White "Erlbeck, Peter"]
[Black "Hauernherm, Wolfgang"]
[Result "1/2-1/2"]
[WhiteElo "2105"]
[BlackElo "2092"]
[PlyCount "77"]
[EventDate "2011.??.??"]
[WhiteTeam "SW Nürnberg Süd e.V."]
[BlackTeam "SV Lauf a.d.P."]

1. f4 d5 2. Nf3 Nf6 3. b3 c5 4. Bb2 Nc6 5. e3 Bg4 6. Bb5 e6 7. h3 Bxf3 8. Qxf3
Qc7 9. O-O Bd6 10. d3 a6 11. Bxc6+ Qxc6 12. Nd2 O-O-O 13. Rad1 Rhg8 14. c4 Bc7
15. Kh1 Kb8 16. e4 Ba5 17. Be5+ Ka8 18. Bxf6 gxf6 19. exd5 exd5 20. cxd5 Qxd5
21. Qxd5 Rxd5 22. Ne4 Rgd8 23. Rf3 f5 24. Ng3 b5 25. Ne2 Kb7 26. Kg1 c4 27.
bxc4 bxc4 28. Rb1+ Bb6+ 29. d4 Rb5 30. Rc1 Rb2 31. Kf1 Re8 32. Ng3 Rxa2 33.
Nxf5 Ree2 34. Nd6+ Kb8 35. Nxc4 Bxd4 36. Rb3+ Ka7 37. Nd2 Rexd2 38. Rc7+ Ka8
39. Rc8+ 1/2-1/2

[Event "Mittelfr. EM 2011 - Hauptturnier"]
[Site "Büchenbach"]
[Date "2011.04.22"]
[Round "9.12"]
[White "Wittmann, Helmut"]
[Black "Strobel, Norbert"]
[Result "1-0"]
[WhiteElo "2077"]
[BlackElo "2008"]
[PlyCount "101"]
[EventDate "2011.??.??"]
[WhiteTeam "BSG Wöhrlhaus Erlangen"]
[BlackTeam "SK Zirndorf e.V."]

1. d4 Nf6 2. Nf3 e6 3. c4 b6 4. a3 Bb7 5. Nc3 d5 6. Bg5 Be7 7. Qa4+ Qd7 8. Qc2
O-O 9. Bxf6 Bxf6 10. cxd5 exd5 11. e3 c5 12. Rd1 c4 13. Be2 b5 14. Ne5 Qe8 15.
Qf5 Bxe5 16. dxe5 g6 17. Qf3 Qxe5 18. O-O Na6 19. Nxb5 Nc5 20. Nc3 Rfd8 21. Qg3
Qe6 22. Qc7 Rdc8 23. Qf4 Rd8 24. Qd4 Rac8 25. Bg4 f5 26. Bf3 Nd3 27. Qxa7 Bc6
28. Qd4 Nxb2 29. Rb1 Nd3 30. Rb6 Qe5 31. Rd1 Qxd4 32. exd4 Re8 33. Rxc6 Rxc6
34. Bxd5+ Rce6 35. Bxc4 Nb2 36. Bxe6+ Rxe6 37. Rb1 Nc4 38. a4 Nd2 39. Rd1 Rc6
40. Ne2 Rc2 41. d5 Ne4 42. Kf1 Ra2 43. f3 Nc5 44. d6 Nd7 45. Rd4 Kf7 46. Nc3
Ra1+ 47. Kf2 Ke6 48. Nb5 Nb6 49. Nc7+ Kd7 50. Na6 Kc8 51. Nc5 1-0

[Event "Mittelfr. EM 2011 - Hauptturnier"]
[Site "Büchenbach"]
[Date "2011.04.22"]
[Round "9.13"]
[White "Pokorny, Klaus"]
[Black "Schanz, Karlheinz"]
[Result "1-0"]
[WhiteElo "1961"]
[BlackElo "1929"]
[PlyCount "65"]
[EventDate "2011.??.??"]
[WhiteTeam "TSV Kirchehrenbach"]
[BlackTeam "SC Mühlhof-Reichelsdorf e.V."]

1. e4 e6 2. d4 d5 3. Nd2 Nf6 4. e5 Nfd7 5. f4 g6 6. g3 c5 7. c3 cxd4 8. cxd4
Nb6 9. Ne2 Nc6 10. Bh3 Bd7 11. O-O h5 12. Nf3 Nb4 13. a3 Ba4 14. b3 Bd7 15.
axb4 Bxb4 16. Ba3 Qe7 17. Bxb4 Qxb4 18. Nc1 O-O 19. Nd3 Qe7 20. Ng5 Kg7 21. g4
hxg4 22. Bxg4 Bb5 23. Rf3 Nd7 24. Rc1 Rac8 25. Rh3 Rh8 26. Rxc8 Rxc8 27. Rh7+
Kg8 28. Rxf7 Qa3 29. Bxe6 Rc3 30. Rxd7+ Kf8 31. Nh7+ Ke8 32. Nf6+ Kf8 33. Rf7#
1-0

[Event "Mittelfr. EM 2011 - Hauptturnier"]
[Site "Büchenbach"]
[Date "2011.04.22"]
[Round "9.14"]
[White "Fischer, Gerd"]
[Black "Werner, Thomas"]
[Result "1-0"]
[WhiteElo "2078"]
[BlackElo "2019"]
[PlyCount "63"]
[EventDate "2011.??.??"]
[WhiteTeam "FC Gunzenhausen 1910 e.V"]
[BlackTeam "SW Nürnberg Süd e.V."]

1. e4 c6 2. d4 d5 3. Nc3 dxe4 4. Nxe4 Bf5 5. Ng3 Bg6 6. Nf3 Nd7 7. Bc4 e6 8.
Qe2 Ngf6 9. O-O Bd6 10. Bb3 Qc7 11. Re1 O-O-O 12. Ne5 c5 13. c3 Kb8 14. Bg5 Rc8
15. h4 Rhf8 16. h5 Bf5 17. Nxf5 exf5 18. Nxd7+ Nxd7 19. Qf3 f6 20. Bd2 g6 21.
Bh6 Rfe8 22. Bf7 Rxe1+ 23. Rxe1 g5 24. Qxf5 cxd4 25. cxd4 Bf8 26. Bxf8 Rxf8 27.
Re7 Rd8 28. Be6 Qc1+ 29. Kh2 Nf8 30. Bd5 Qf4+ 31. Qxf4+ gxf4 32. Bf3 1-0

[Event "Mittelfr. EM 2011 - Hauptturnier"]
[Site "Büchenbach"]
[Date "2011.04.22"]
[Round "9.15"]
[White "Schlötterer, Hermann"]
[Black "Alt, Norbert"]
[Result "0-1"]
[WhiteElo "1971"]
[BlackElo "1880"]
[PlyCount "80"]
[EventDate "2011.??.??"]
[WhiteTeam "SC Noris-Tarrasch Nürnberg 1873"]
[BlackTeam "FC Pleinfeld VfL"]

1. d4 d5 2. g3 Nf6 3. Bg2 e6 4. Nf3 Be7 5. O-O O-O 6. c4 c6 7. b3 Nbd7 8. Nc3
Re8 9. Nd2 Qc7 10. Bb2 Rb8 11. Rc1 Qa5 12. a3 dxc4 13. Nxc4 Qh5 14. e4 Qxd1 15.
Rfxd1 b6 16. e5 Nd5 17. Ne4 c5 18. Ned6 Bxd6 19. Nxd6 Rd8 20. Rc2 Ne7 21. g4
Ba6 22. f4 Nc8 23. Ne4 Ne7 24. Nd6 Nc8 25. dxc5 Nxc5 26. b4 Nxd6 27. exd6 Nd3
28. Rcd2 Nxf4 29. Bc6 f6 30. g5 Nh3+ 31. Kg2 Nxg5 32. d7 Bc4 33. h4 Nf7 34. b5
Ne5 35. Kg3 Kf7 36. Bc3 Bd5 37. Bxd5 exd5 38. Rxd5 Rb7 39. Rf1 Ke6 40. Rd2
Rbxd7 0-1

[Event "Mittelfr. EM 2011 - Hauptturnier"]
[Site "Büchenbach"]
[Date "2011.04.22"]
[Round "9.16"]
[White "Luther, Helmut"]
[Black "Häßlein, Rainer"]
[Result "1-0"]
[WhiteElo "1999"]
[BlackElo "1552"]
[PlyCount "51"]
[EventDate "2011.??.??"]
[WhiteTeam "SW Nürnberg Süd e.V."]
[BlackTeam "SAbt Wolframs-Eschenbach"]

1. d4 d5 2. Nf3 e6 3. c4 dxc4 4. Nc3 Bd7 5. g3 b5 6. Bg2 Nf6 7. Ne5 c6 8. Nxb5
Qa5+ 9. Nc3 Bb4 10. Bd2 Nd5 11. Nxc4 Qc7 12. O-O Bxc3 13. bxc3 O-O 14. e4 Nb6
15. Bf4 Qd8 16. Nd6 Qe7 17. e5 Na6 18. Qh5 Nd5 19. Bd2 f6 20. c4 fxe5 21. dxe5
Nf6 22. exf6 Qxd6 23. fxg7 Rf5 24. Qh6 Be8 25. Be4 Rh5 26. Bxh7+ 1-0

[Event "Mittelfr. EM 2011 - Hauptturnier"]
[Site "Büchenbach"]
[Date "2011.04.22"]
[Round "9.17"]
[White "Keller, Werner"]
[Black "Leis, Stefan"]
[Result "1/2-1/2"]
[WhiteElo "1693"]
[BlackElo "1922"]
[PlyCount "116"]
[EventDate "2011.??.??"]
[WhiteTeam "SW Nürnberg Süd e.V."]
[BlackTeam "SC Mühlhof-Reichelsdorf e.V."]

1. Nf3 e6 2. g3 f5 3. d3 b6 4. Bg2 Bb7 5. O-O Be7 6. Nc3 Nf6 7. Re1 O-O 8. e4
Nc6 9. e5 Nd5 10. h4 Nxc3 11. bxc3 Na5 12. Bg5 h6 13. Bc1 Qe8 14. Nd4 f4 15. h5
f3 16. Bxf3 Rxf3 17. Nxf3 Qf7 18. Nh2 Rf8 19. Rf1 Qf5 20. Qg4 Qxe5 21. Bxh6 Qf6
22. Bd2 Kh7 23. Rae1 Bd6 24. Qh3 Bc5 25. Ng4 Qf5 26. Re5 Qf7 27. Rg5 Nc6 28. h6
g6 29. Rxc5 bxc5 30. Bg5 Qf5 31. Qh4 Ne5 32. Nxe5 Qxe5 33. Bf4 Qf6 34. Qxf6
Rxf6 35. Be3 Bc6 36. Rb1 Rf8 37. d4 a5 38. Kf1 c4 39. Ke1 Rg8 40. Bg5 Rf8 41.
f4 Re8 42. Kd2 Kg8 43. Bf6 Kh7 44. Re1 d6 45. Re3 Rf8 46. Rxe6 Rf7 47. Bg5 Bd7
48. Re7 Rxe7 49. Bxe7 Kxh6 50. d5 c6 51. dxc6 Bxc6 52. Bxd6 Kg7 53. Ke3 Kf7 54.
Kd4 Ke6 55. Bc7 a4 56. Kxc4 Bd5+ 57. Kb4 Bxa2 58. Kxa4 Kd5 1/2-1/2